[Event "CZE-ch Betsys Online Blitz"]
[Site "Chess.com INT"]
[Date "2021.04.17"]
[Round "4"]
[White "Kolomaznik, Jan"]
[Black "Ornet, Tomas"]
[Result "1-0"]
[WhiteElo "1894"]
[BlackElo "1615"]
[PlyCount "69"]
[EventDate "2021.04.17"]
[EventType "swiss (blitz)"]
[EventRounds "13"]
[EventCountry "CZE"]
[SourceTitle "CBM 201 Extra"]
[Source "ChessBase"]
[SourceDate "2021.05.31"]
[SourceVersion "1"]
[SourceVersionDate "2021.05.31"]
[SourceQuality "1"]

1. d4 d5 2. Nf3 Bf5 3. Bf4 e6 4. e3 Bd6 5. Bg3 Bxg3 6. hxg3 Nf6 7. c4 c6 8. Nc3 Ne4 9. Rc1 Qa5 10. Bd3 Nxc3 11. bxc3 Bxd3 12. Qxd3 Qxa2 13. Rxh7 Rg8 14. cxd5 Qxd5 15. c4 Qf5 16. Qxf5 exf5 17. Ke2 Nd7 18. Rb1 0-0-0 19. c5 Nf6 20. Rhh1 Ne4 21. Rb3 g5 22. Ne5 Rg7 23. Rhb1 f6 24. Nc4 f4 25. gxf4 gxf4 26. Kf3 Ng5+ 27. Kxf4 Ne6+ 28. Kf3 Ng5+ 29. Ke2 Ne4 30. g3 f5 31. Rh1 Rxg3 32. Rh7 Rg2 33. Rbxb7 Rxf2+ 34. Ke1 Ra2 35. Rhc7# 1-0

[Event "CZE-ch Betsys Online Blitz"]
[Site "Chess.com INT"]
[Date "2021.04.17"]
[Round "8"]
[White "Ornet, Tomas"]
[Black "Malikova, Katerina"]
[Result "0-1"]
[WhiteElo "1615"]
[BlackElo "1889"]
[PlyCount "58"]
[EventDate "2021.04.17"]
[EventType "swiss (blitz)"]
[EventRounds "13"]
[EventCountry "CZE"]
[SourceTitle "CBM 201 Extra"]
[Source "ChessBase"]
[SourceDate "2021.05.31"]
[SourceVersion "1"]
[SourceVersionDate "2021.05.31"]
[SourceQuality "1"]

1. e4 c5 2. Bc4 e6 3. Nf3 Nc6 4. d3 Nge7 5. Be3 Ng6 6. 0-0 Be7 7. c3 0-0 8. Qd2 d5 9. exd5 exd5 10. Bb3 d4 11. cxd4 cxd4 12. Nxd4 Nxd4 13. Qc3 Bf6 14. Bxd4 Bxd4 15. Qc2 Bf5 16. Nc3 Rc8 17. Qd2 Bxc3 18. bxc3 Qxd3 19. Qg5 Rxc3 20. h4 Qe4 21. h5 Nf4 22. Rfe1 Ne2+ 23. Rxe2 Qxe2 24. Qxf5 Rc6 25. Qg5 Rf6 26. Qg3 Qxh5 27. Bd5 b6 28. Bb3 Rh6 29. f3 Qh1+ 0-1

[Event "CZE-ch Betsys Online Blitz"]
[Site "Chess.com INT"]
[Date "2021.04.17"]
[Round "12"]
[White "Zuziak, Petr"]
[Black "Ornet, Tomas"]
[Result "1-0"]
[WhiteElo "1797"]
[BlackElo "1615"]
[PlyCount "73"]
[EventDate "2021.04.17"]
[EventType "swiss (blitz)"]
[EventRounds "13"]
[EventCountry "CZE"]
[SourceTitle "CBM 201 Extra"]
[Source "ChessBase"]
[SourceDate "2021.05.31"]
[SourceVersion "1"]
[SourceVersionDate "2021.05.31"]
[SourceQuality "1"]

1. d4 d5 2. Nf3 Bg4 3. e3 Nf6 4. h3 Bxf3 5. Qxf3 c6 6. c4 e6 7. Nc3 Bb4 8. Bd2 Bxc3 9. Bxc3 Ne4 10. Bd3 Nxc3 11. bxc3 Qa5 12. Kd2 Nd7 13. Rhb1 b6 14. a4 Ne5 15. dxe5 0-0 16. Rb4 Rfd8 17. c5 Qxc5 18. Bxh7+ Kxh7 19. Qh5+ Kg8 20. Rh4 Kf8 21. Qh8+ Ke7 22. Qxg7 Rf8 23. Qf6+ Ke8 24. Rh8 Kd7 25. Rh7 Ke8 26. Rh8 Kd7 27. Rxf8 Rxf8 28. h4 Qe7 29. Qxe7+ Kxe7 30. g4 f5 31. g5 Rh8 32. Rh1 Kf7 33. h5 Kg7 34. f4 Kf7 35. Kd3 a6 36. c4 Kg7 37. cxd5 1-0

[Event "Plzen op 9th"]
[Site "Plzen"]
[Date "2017.11.24"]
[Round "6"]
[White "Skurniak, Szymon"]
[Black "Ornet, Tomas"]
[Result "1-0"]
[WhiteElo "1702"]
[BlackElo "1637"]
[PlyCount "35"]
[EventDate "2017.11.19"]
[EventType "swiss"]
[EventRounds "7"]
[EventCountry "CZE"]
[SourceTitle "CBM 181 Extra"]
[Source "ChessBase"]
[SourceDate "2017.12.12"]
[SourceVersion "1"]
[SourceVersionDate "2017.12.12"]
[SourceQuality "1"]

1. Nf3 Nc6 2. d4 d5 3. c4 dxc4 4. d5 Nb8 5. e4 e6 6. Bxc4 Bb4+ 7. Nbd2 Bxd2+ 8. Bxd2 exd5 9. exd5 Nf6 10. Bb4 Bg4 11. Qe2+ Kd7 12. Ne5+ Kc8 13. Nxg4 Re8 14. Ne3 Nbd7 15. 0-0 Nb6 16. Rfd1 Nbxd5 17. Bxd5 Nxd5 18. Qg4+ 1-0

[Event "Marianske Lazne op 16th"]
[Site "Marianske Lazne"]
[Date "2017.01.26"]
[Round "7"]
[White "Ornet, Tomas"]
[Black "Tedeeva, Olga"]
[Result "1/2-1/2"]
[WhiteElo "1655"]
[BlackElo "1173"]
[PlyCount "87"]
[EventDate "2017.01.21"]
[EventType "swiss"]
[EventRounds "9"]
[EventCountry "CZE"]
[SourceTitle "CBM 176 Extra"]
[Source "ChessBase"]
[SourceDate "2017.03.02"]
[SourceVersion "1"]
[SourceVersionDate "2017.03.02"]
[SourceQuality "1"]

1. e4 e5 2. Bc4 Nf6 3. Nf3 Nxe4 4. 0-0 c6 5. Nxe5 d5 6. Bb3 Bd6 7. d4 Nd7 8. Nxd7 Bxd7 9. Re1 0-0 10. c3 Qc7 11. h3 Qc8 12. Qf3 Re8 13. Nd2 Ng5 14. Rxe8+ Qxe8 15. Qe3 Qxe3 16. fxe3 Re8 17. h4 Ne4 18. Bc2 Bg3 19. Nf3 Bg4 20. Ne5 Bxe5 21. dxe5 Rxe5 22. Bxe4 Rxe4 23. g3 c5 24. b3 d4 25. cxd4 cxd4 26. Kf2 h6 27. exd4 Rxd4 28. Be3 Rd5 29. Bxa7 g5 30. hxg5 hxg5 31. Bb8 Kh7 32. Ke3 Be6 33. b4 Rd8 34. Bc7 Rc8 35. Bd6 Rc3+ 36. Ke4 Ra3 37. Ke5 Kg6 38. Kd4 b5 39. Ke4 Bxa2 40. Re1 Ra8 41. Kf3 Ra3+ 42. Re3 Rxe3+ 43. Kxe3 f5 44. Bc7 1/2-1/2

[Event "Marienske Lazne op 15th"]
[Site "Marianske Lazne"]
[Date "2016.01.16"]
[Round "1"]
[White "Srienz, Christian"]
[Black "Ornet, Tomas"]
[Result "1-0"]
[WhiteElo "2239"]
[BlackElo "1681"]
[PlyCount "33"]
[EventDate "2016.01.16"]
[EventType "swiss"]
[EventRounds "9"]
[EventCountry "CZE"]
[SourceTitle "CBM 170 Extra"]
[Source "ChessBase"]
[SourceDate "2016.02.25"]
[SourceVersion "1"]
[SourceVersionDate "2016.02.25"]
[SourceQuality "1"]

1. c4 e5 2. Nc3 Bc5 3. Nf3 d6 4. e3 Ne7 5. d4 exd4 6. exd4 Bb6 7. Bd3 0-0 8. 0-0 Bg4 9. Bxh7+ Kh8 10. Be4 Nbc6 11. h3 Bxf3 12. Qxf3 Ng6 13. Qh5+ Kg8 14. Bg5 Qd7 15. Rad1 Nxd4 16. Nd5 Ne6 17. Ne7+ 1-0

[Event "Marianske Lazne op 14th"]
[Site "Marianske Lazne"]
[Date "2015.01.23"]
[Round "8"]
[White "Ornet, Tomas"]
[Black "Dwilewicz, Agata"]
[Result "0-1"]
[WhiteElo "1686"]
[BlackElo "1535"]
[PlyCount "58"]
[EventDate "2015.01.17"]
[EventType "swiss"]
[EventRounds "9"]
[EventCountry "CZE"]
[SourceTitle "CBM 164 Extra"]
[Source "ChessBase"]
[SourceDate "2015.03.02"]
[SourceVersion "1"]
[SourceVersionDate "2015.03.02"]
[SourceQuality "1"]

1. e4 c5 2. Bc4 e6 3. d3 Nc6 4. Nf3 d5 5. exd5 exd5 6. Qe2+ Be7 7. Bb3 Nf6 8. 0-0 0-0 9. h3 b6 10. Bf4 Bb7 11. Nc3 Rc8 12. Rfe1 h6 13. a3 Re8 14. Qd2 Na5 15. Ba4 Bc6 16. Bxc6 Nxc6 17. Re2 Qd7 18. Rae1 Nd4 19. Nxd4 cxd4 20. Nb1 Bc5 21. Be5 Nh7 22. b4 Be7 23. Bxd4 Ng5 24. Be3 Ne6 25. Bf4 Nd4 26. Rxe7 Rxe7 27. c3 Rxe1+ 28. Qxe1 Re8 29. Qd1 Ne2+ 0-1

[Event "Trebic Highlands op 10th"]
[Site "Trebic"]
[Date "2014.05.20"]
[Round "5"]
[White "Svoboda, Frantisek"]
[Black "Ornet, Tomas"]
[Result "1/2-1/2"]
[WhiteElo "1745"]
[BlackElo "1686"]
[PlyCount "41"]
[EventDate "2014.05.17"]
[EventType "swiss"]
[EventRounds "9"]
[EventCountry "CZE"]
[SourceTitle "CBM 160 Extra"]
[Source "ChessBase"]
[SourceDate "2014.07.01"]
[SourceVersion "1"]
[SourceVersionDate "2014.07.01"]
[SourceQuality "1"]

1. Nf3 Nc6 2. d4 d5 3. Bf4 e6 4. e3 Bd6 5. Bxd6 cxd6 6. Bb5 Qa5+ 7. Nc3 Nge7 8. 0-0 0-0 9. Re1 a6 10. Bxc6 bxc6 11. Qd2 Rb8 12. b3 Bd7 13. e4 dxe4 14. Nxe4 Qxd2 15. Nfxd2 Nc8 16. c4 Rd8 17. Nf3 d5 18. cxd5 cxd5 19. Nc5 Rb6 20. Rac1 Nd6 21. Re2 1/2-1/2

[Event "Marianske Lazne op 12th"]
[Site "Marianske Lazne"]
[Date "2013.01.25"]
[Round "8"]
[White "Ornet, Tomas"]
[Black "Jensen, Leif Haugaard"]
[Result "0-1"]
[WhiteElo "1681"]
[BlackElo "2019"]
[PlyCount "108"]
[EventDate "2013.01.19"]
[EventType "swiss"]
[EventRounds "9"]
[EventCountry "CZE"]
[SourceTitle "CBM 152 Extra"]
[Source "ChessBase"]
[SourceDate "2013.02.25"]
[SourceVersion "1"]
[SourceVersionDate "2013.02.25"]
[SourceQuality "1"]

1. e4 e6 2. Nf3 d5 3. exd5 exd5 4. d4 Nf6 5. Bd3 Bd6 6. Qe2+ Qe7 7. Qxe7+ Bxe7 8. 0-0 0-0 9. Bf4 c6 10. Be5 Bg4 11. Nbd2 Nbd7 12. c3 Rfe8 13. Rfe1 Bh5 14. h3 Bg6 15. Bxg6 hxg6 16. Bxf6 gxf6 17. Re2 Bd6 18. Rae1 Kf8 19. b3 Rxe2 20. Rxe2 Re8 21. Kf1 Bf4 22. Rxe8+ Kxe8 23. Ke2 Ke7 24. c4 Bxd2 25. Nxd2 dxc4 26. bxc4 f5 27. Nb3 b6 28. a4 c5 29. dxc5 bxc5 30. g4 fxg4 31. hxg4 Ne5 32. Kd2 Nxg4 33. f3 Ne5 34. f4 Nd7 35. Kd3 f6 36. a5 Nb8 37. Ke4 Nc6 38. Ke3 Nd8 39. Ke4 Ne6 40. f5 gxf5+ 41. Ke3 Kd7 42. a6 Kd6 43. Na5 f4+ 44. Kf3 Kc7 45. Ke4 Kb6 46. Nb3 Nd4 47. Nd2 Kxa6 48. Kxf4 Ka5 49. Ke4 Kb4 50. Kd5 f5 51. Nb1 f4 52. Ke4 f3 53. Nd2 a5 54. Nxf3 Nxf3 0-1